书目信息 |
| 题名: |
天囚·诗歌集
|
|
| 作者: | 小叶秀子 著 | |
| 分册: | ||
| 出版信息: | 北京 人民文学出版社 1998.11 |
|
| 页数: | 287页 | |
| 开本: | 32开 | |
| 丛书名: | ||
| 单 册: | ||
| 中图分类: | I227 | |
| 科图分类: | ||
| 主题词: | 诗歌--中国 , 韵文--中国 | |
| 电子资源: | ||
| ISBN: | 7-02-002843-8 | |
| 000 | 00564nam0 2200205 45 | |
| 001 | 0010220875 | |
| 005 | 20001022085553.0 | |
| 010 | @a7-02-002843-8@d14.20元 | |
| 100 | @a20001022d1998 km y0chiy0120 ea | |
| 101 | 0 | @achi |
| 105 | @a z 000yy | |
| 200 | 1 | @a天囚·诗歌集@ATian Qiu·Shi Ge Ji@f小叶秀子 著@FXiao Ye Xiu Zi Zhu |
| 210 | @a北京@c人民文学出版社@d1998.11 | |
| 215 | @a287页@d32开 | |
| 606 | 0 | @a诗歌@x中国 |
| 606 | 0 | @a韵文@x中国 |
| 690 | @aI227@v3 | |
| 701 | 0 | @a小叶秀子@4著 |
| 801 | @aCN@bPftUser@c20001022 | |
| 905 | @b181246-250@dI227@eX903@f5 | |
| 天囚·诗歌集/小叶秀子 著.-北京:人民文学出版社,1998.11 |
| 287页;32开 |
| ISBN 7-02-002843-8:14.20元 |
| ● |
| 相关链接 |
|
|
|
正题名:天囚·诗歌集
索取号:I227/X903
 
预约/预借
| 序号 | 登录号 | 条形码 | 馆藏地/架位号 | 状态 | 备注 |
| 1 | 181246 | 201812468 | 文学库108/108文学库 18排10列1层/ [索取号:I227/X903] | 在馆 | |
| 2 | 181247 | 201812477 | 自科二线504/422社科库 48排3列2层/ [索取号:I227/X903] | 在馆 | |
| 3 | 181248 | 201812486 | 文学库108/108文学库 18排10列2层/ [索取号:I227/X903] | 在馆 | |
| 4 | 181249 | 201812495 | 文学库108/108文学库 18排10列2层/ [索取号:I227/X903] | 在馆 | |
| 5 | 181250 | 201812501 | 自科二线504/422社科库 48排3列3层/ [索取号:I227/X903] | 在馆 |